011970000a22002410004500003000900000005001700009008004100026040002800067041000800095100002800103245014900131246010100280260004700381300003200428502010100460520024800561530002200809653001100831653001800842653001700860700004500877856003300922EG-GICUC20250223025425.0080813s2008 ua b f m 000 0 eng d aEG-GICUCbengcEG-GICUC0 aEng0 aAbdullah Ahmaed Aljazei10aEarly warning system for flash flood forecasting over kingdom of Saudi Arabia / cAbdullah Ahmaed Aljazei ; Supervised Mohammed Magdy Abdelwahab15aالتنبؤ المبكر بالسيول على المملكة العربية السعودية aCairo : bAbdullah Ahmaed Aljazei , c2008 a179Leaves : bmaps ; c30cm aThesis (Ph.D.) - Cairo University - Faculty Of Science - Department Of Astronomy and Meteorology aThe main subject of this work is to establish a procedures for an of early warning systems to predict rainfall over the kingdom of Saudi Arabia (K.S.A) .The rainfall over K.S.A has been studied using the data of available metrological stations aIssued also as CD 4aModels 4aThermodynamic 4aThunderstorm0 aMohammed Magdy Abdelwahab , eSupervisor uhttp://172.23.153.220/th.pdf